• 首页
  • 本馆介绍
  • 公告通知
  • 最新文献
  • 馆藏检索
  • 电子资源
  • 读者导购
  • 参考咨询
  • 我的图书馆
  • 登录
  • 详细信息显示
  • 放入我的书架
  • 预约/预借图书
  • 作者相关作品
  • 分类相关作品
  • 丛书相关作品
  • 出版社相关作品

书目信息

  • 表格格式
  • 工作单格式
  • 卡片格式
题名:
MATLAB在数学建模中的应用
    
 
作者: 卓金武 主编
分册:  
出版信息: 北京   北京航空航天大学出版社  2014
页数: 324页
开本: 26cm
丛书名:
单 册:
中图分类: O141.4 , O141.4-39
科图分类:
主题词: Matlab软件--应用--数学模型
电子资源:
ISBN: 978-7-5124-1365-8
000 01051nam0 2200253 450
001 1016
005 20161008080451.55
010    @a978-7-5124-1365-8@dCNY42.00
100    @a20150610e20152014em y0chiy50 ea
101 0  @achi
102    @aCN@b110000
105    @aa z 000yy
200 1  @aMATLAB在数学建模中的应用@9MATLAB zai shu xue jian mo zhong de ying yong@f卓金武主编
205    @a2版
210    @a北京@c北京航空航天大学出版社@d2014@h2015重印
215    @a324页@c图@d26cm
300    @aMATLAB开发实例系列图书
330    @a本书内容分上下两篇。上篇介绍了数学建模中常规方法、规划模型、数据建模、灰色预测的MATLAB实现,还介绍了各种高级方法的MATLAB实现,包括遗传算法、模拟退火算法、人工神经网络、粒子群算法、蚁群算法、小波和计算机仿真。下篇以数学建模赛题为案例,介绍如何用MATLAB求解实际的数学建模问题,给出了详细的建模过程和MATLAB源程序。
606 0  @aMatlab软件@x应用@x数学模型
690    @aO141.4@v5
690    @aO141.4-39@v4
701  0 @a卓金武@9zhuo jin wu@4主编
801  0 @aCN@b唐山师范学院图书馆@c20160830
905    @aZUCC@dO141.4@e102=2
    
    MATLAB在数学建模中的应用/卓金武主编.-2版.-北京:北京航空航天大学出版社,2014(2015重印)
    324页:图;26cm
    MATLAB开发实例系列图书
    
    ISBN 978-7-5124-1365-8:CNY42.00
    本书内容分上下两篇。上篇介绍了数学建模中常规方法、规划模型、数据建模、灰色预测的MATLAB实现,还介绍了各种高级方法的MATLAB实现,包括遗传算法、模拟退火算法、人工神经网络、粒子群算法、蚁群算法、小波和计算机仿真。下篇以数学建模赛题为案例,介绍如何用MATLAB求解实际的数学建模问题,给出了详细的建模过程和MATLAB源程序。
●
相关链接 在E读中查询图书 在五车中查询图书 在当当中查询图书 在豆瓣中查询图书


正题名:MATLAB在数学建模中的应用     索取号:O141.4/102=2         预约/预借

序号 登录号 条形码 馆藏地/架位号 状态 备注
1 906549   209065492   第二样本阅览室/ [索取号:O141.4/102=2] 在馆    
2 906550   209065508   第三借阅区/ [索取号:O141.4/102=2] 在馆    
3 906551   209065517   第三借阅区/ [索取号:O141.4/102=2] 在馆    
4 906552   209065526   第三借阅区/ [索取号:O141.4/102=2] 在馆    
唐山师范学院图书馆 欢迎您!
大连网信软件有限公司© 版权所有